000 00421nam a2200169Ia 4500
005 20240815055315.0
008 240331s9999 xx 000 0 und d
020 _a0415042607
082 _bFEM
_a408.2
245 4 _aThe feminist critique of language :
_ba reader
260 _aLondon
_bRoutledge
_c1990
300 _axi, 258 p .,
650 _aWomen
650 _aFeminist
700 _aCameron, D.
_eedt
942 _cL
999 _c3035
_d3035